000
00304nam a2200121Ia 4500
008
190216s9999||||xx |||||||||||||| ||und||
100
_a
Srivastava T N&Amp; Kamboj
245
0
_a
Systematic Analytical Chemistry
260
_b
Vishal Publcations
_c
1985
300
_a
469p
650
_a
Chemistry
942
_c
BK
999
_c
2567
_d
2567